000 01325nam a2200337Ia 4500
001 ebr10186736
003 CaPaEBR
006 m u
007 cr cn|||||||||
008 070611s2007 ne a sbd 000 0 eng d
010 _z 2007276589
020 _z012374086X
020 _z9780123740861
040 _aCaPaEBR
_cCaPaEBR
035 _a(OCoLC)648307075
050 1 4 _aGR780
_b.W38 2007eb
100 1 _aWatts, Donald,
_d1922-2004.
245 1 0 _aDictionary of plant lore
_h[electronic resource] /
_cby Donald Watts.
246 1 4 _aElsevier's dictionary of plant lore
260 _aAmsterdam ;
_aBoston :
_bElsevier/AP,
_cc2007.
300 _aix, 471 p. :
_bcol. ill.
504 _aIncludes bibliographical references (p. 449-471).
533 _aElectronic reproduction.
_bPalo Alto, Calif. :
_cebrary,
_d2009.
_nAvailable via World Wide Web.
_nAccess may be limited to ebrary affiliated libraries.
650 0 _aMateria medica, Vegetable
_vDictionaries.
650 0 _aPlant names, Popular
_vDictionaries.
650 0 _aPlants
_vFolklore
_vDictionaries.
650 0 _aPlants
_vNomenclature
_vDictionaries.
655 7 _aElectronic books.
_2local
710 2 _aebrary, Inc.
856 4 0 _uhttp://site.ebrary.com/lib/rucke/Doc?id=10186736
_zAn electronic book accessible through the World Wide Web; click to view
999 _c233063
_d233063